Music Quiz

Random Music or Album Quiz

The Cranberries Singles Quiz Stats

 Plays Quiz not verified by Sporcle

Score 0/23 Timer 10:00
0 Plays Today
Album Song % Correct
Everybody Else Is Doing It, So Why Can't We?Linger
98.5%
Everybody Else Is Doing It, So Why Can't We?Linger (Re-Issue)
98.5%
No Need to ArgueZombie
97%
Something ElseLinger (Acoustic)
96%
Everybody Else Is Doing It, So Why Can't We?Dreams
95.5%
Everybody Else Is Doing It, So Why Can't We?Dreams (Re-Issue)
95.5%
No Need to ArgueOde To My Family
86.6%
To the Faithful DepartedSalvation
79.1%
Bury the HatchetPromises
76.1%
Bury the HatchetAnimal Instinct
76.1%
To the Faithful DepartedFree To Decide
73.1%
Stars: The Best of 1992–2002Stars
71.6%
Album Song % Correct
No Need to ArgueI Can't Be With You
70.1%
Bury the HatchetJust My Imagination
65.7%
No Need to ArgueRidiculous Thoughts
62.7%
To the Faithful DepartedWhen You're Gone
58.2%
Bury the HatchetYou And Me
58.2%
Wake Up and Smell the CoffeeAnalyse
58.2%
To the Faithful DepartedHollywood
56.7%
RosesTomorrow
53.7%
Something ElseWhy
52.2%
Wake Up and Smell the CoffeeTime Is Ticking Out
47.8%
Wake Up and Smell the CoffeeThis Is The Day
44.8%

You're not logged in!

Compare scores with friends on all Sporcle quizzes.
OR
Log In

Show Comments

Extras

Top Quizzes Today


Score Distribution

Your Account Isn't Verified!

In order to create a playlist on Sporcle, you need to verify the email address you used during registration. Go to your Sporcle Settings to finish the process.

Report this User

Report this user for behavior that violates our Community Guidelines.

Details: